[Event "CZE-chT 9798"]
[Site "CZE"]
[Date "1998.01.17"]
[Round "5"]
[White "Hracek, Zbynek"]
[Black "Smejkal, Jan"]
[Result "1-0"]
[WhiteElo "2610"]
[BlackElo "2525"]
[PlyCount "69"]
[EventDate "1997.??.??"]
[Source "www.chesslib.no"]
[SourceDate "2004.05.04"]

1. e4 e5 2. Nf3 Nc6 3. Bb5 Nf6 4. O-O Be7 5. Re1 d6 6. d4 exd4 7. Nxd4 Bd7 8. Nc3 Nxd4 9. Qxd4 Bxb5 10. Nxb5 O-O 11. Bf4 Nd7 12. Rad1 a6 13. Nc3 Bf6 14. Qb4 a5 15. Qc4 Ra6 16. Nd5 Rc6 17. Qb3 Nc5 18. Qb5 Ne6 19. Qxb7 Rxc2 20. Rd2 Rc5 21. Be3 Rc4 22. b3 Nc5 23. Qc6 Rxe4 24. Rc1 Re6 25. Nxc7 Qc8 26. Rxd6 Rxd6 27. Qxd6 Ne4 28. Qd3 Bb2 29. Rc2 Rd8 30. Nd5 Qe6 31. Rxb2 Rxd5 32. Qc2 h6 33. h3 Qe5 34. Rb1 Nc3 35. Re1 1-0

[Event "Campionato europeo 2007"]
[Site "Dresda GER"]
[Date "2007.04.12"]
[Round "9.65"]
[White "Balogh, Csaba"]
[Black "Sorokin, Maxim"]
[Result "1/2-1/2"]
[WhiteElo "2617"]
[BlackElo "2517"]
[PlyCount "97"]
[EventDate "2007.04.03"]
[Source "www.chesslib.no"]
[SourceDate "2004.05.04"]

1. e4 e5 2. Nf3 Nc6 3. Bb5 Nf6 4. d3 d6 5. O-O Bd7 6. Re1 g6 7. d4 Bg7 8. d5 Ne7 9. Bxd7+ Nxd7 10. Be3 O-O 11. c4 Kh8 12. Nc3 Ng8 13. Nd2 f5 14. f3 Bh6 15. Bf2 a5 16. c5 Nxc5 17. Bxc5 Bxd2 18. Qxd2 dxc5 19. exf5 Rxf5 20. Ne4 Nf6 21. Ng3 Rf4 22. Rxe5 Rd4 23. Qc3 b6 24. Rae1 Nxd5 25. Qb3 Qd6 26. Qb5 Nf6 27. Re6 Qd7 28. Qe2 Rf8 29. Qe5 Rd1 30. Rxd1 Qxd1+ 31. Kf2 Qd4+ 32. Qxd4 cxd4 33. Ne2 d3 34. Nc3 Ng4+ 35. Ke1 Nxh2 36. Re4 g5 37. Rd4 g4 38. fxg4 Rf1+ 39. Kd2 c5 40. Rd8+ Kg7 41. Rd7+ Kg6 42. Rd6+ Kg5 43. Kxd3 Rg1 44. Rxb6 Rxg2 45. Ne4+ Kxg4 46. Nf6+ Kf5 47. Nxh7 Ng4 48. Kc4 Ne5+ 49. Kc3 1/2-1/2

[Event "YUG-chT"]
[Site "?"]
[Date "1998.??.??"]
[Round "3"]
[White "Pavlovic Milos"]
[Black "Atalik Suat"]
[Result "0-1"]
[WhiteElo "2535"]
[BlackElo "2595"]
[PlyCount "58"]
[EventDate "1998.??.??"]
[Source "www.chesslib.no"]
[SourceDate "2004.05.04"]

1. e4 e5 2. Nf3 Nc6 3. Bb5 Nf6 4. O-O d6 5. Re1 Be7 6. d4 Bd7 7. Nc3 exd4 8. Nxd4 O-O 9. Bxc6 bxc6 10. Bf4 Re8 11. h3 Rb8 12. b3 d5 13. exd5 cxd5 14. Qf3 Rb4 15. Be5 c6 16. a3 Rb7 17. Re2 Bf8 18. Nf5 Ne4 19. Nxe4 dxe4 20. Rxe4 Bxf5 21. Qxf5 Rbe7 22. Rae1 f6 23. Bg3 Rxe4 24. Rxe4 Qd1+ 25. Kh2 Qxc2 26. f3 Rxe4 27. fxe4 Qxb3 28. Qd7 Qxa3 29. Qxc6 Qe7 0-1

[Event "JUG-chT"]
[Site "Novi Sad"]
[Date "2000.08.26"]
[Round "3"]
[White "Zvjaginsev, Vadim"]
[Black "Abramovic, Bosko"]
[Result "1-0"]
[WhiteElo "2634"]
[BlackElo "2485"]
[PlyCount "114"]
[EventDate "2000.08.24"]
[Source "www.chesslib.no"]
[SourceDate "2004.05.04"]

1. e4 e5 2. Nf3 Nc6 3. Bb5 Nf6 4. O-O Be7 5. Re1 d6 6. c3 O-O 7. h3 Nb8 8. d4 Nbd7 9. Nbd2 c6 10. Ba4 Re8 11. Nf1 Bf8 12. Ng3 g6 13. Bb3 h6 14. Nh2 d5 15. dxe5 Nxe5 16. Bf4 Nc4 17. e5 Nh7 18. Bxc4 dxc4 19. Ne4 g5 20. Bg3 Qxd1 21. Raxd1 Be6 22. Ng4 Red8 23. Nd6 Rd7 24. Ne3 b5 25. Nc2 c5 26. Ne3 Rb8 27. a4 a6 28. axb5 axb5 29. Ra1 Bxd6 30. exd6 Nf6 31. Ra6 b4 32. Be5 Ne8 33. g4 f6 34. Bg3 Ng7 35. Rc6 bxc3 36. bxc3 Rb3 37. Rc7 Rb7 38. Rxc5 Kf7 39. Nxc4 h5 40. Ne3 h4 41. Bh2 Ne8 42. Rc6 Rb2 43. c4 Ra7 44. c5 Raa2 45. Rf1 Bd7 46. Rb6 Rxb6 47. cxb6 Rb2 48. Nd5 Rb5 49. Rd1 f5 50. gxf5 Nf6 51. Ne3 Rxb6 52. Nc4 Rb5 53. Ne5+ Kf8 54. Kg2 Ke8 55. Ra1 Rc5 56. Ra8+ Bc8 57. Ng4 Nd7 1-0

[Event "Mind Sports Games - Rapid Pair"]
[Site "Pechino CINA"]
[Date "2008.10.11"]
[Round "9"]
[White "Paragua, M."]
[Black "Gyimesi, Z."]
[Result "1/2-1/2"]
[WhiteElo "2526"]
[BlackElo "2592"]
[PlyCount "63"]
[EventDate "2008.10.09"]
[Source "www.chesslib.no"]
[SourceDate "2004.05.04"]

1. e4 e5 2. Nf3 Nc6 3. Bb5 Nf6 4. d3 d6 5. O-O Bd7 6. c3 g6 7. Re1 Bg7 8. Nbd2 O-O 9. Nf1 Na5 10. Bxd7 Qxd7 11. Ng3 Rfe8 12. d4 Nc6 13. Bg5 h6 14. dxe5 Nxe5 15. Nxe5 Rxe5 16. Bf4 Re7 17. e5 dxe5 18. Rxe5 Rd8 19. Qxd7 Rdxd7 20. Rxe7 Rxe7 21. Rd1 c6 22. Be3 b6 23. Bd4 Rd7 24. Re1 c5 25. Bxf6 Bxf6 26. Kf1 Kg7 27. Ke2 Be5 28. Nf1 Bf4 29. Rd1 Re7+ 30. Kf3 Bg5 31. Ne3 Bxe3 32. fxe3 1/2-1/2

[Event "Vancouver"]
[Site "?"]
[Date "1975.??.??"]
[Round "?"]
[White "Browne, Walter S"]
[Black "Keres, Paul"]
[Result "0-1"]
[WhiteElo "2550"]
[BlackElo "2565"]
[PlyCount "86"]
[EventDate "1975.??.??"]
[Source "www.chesslib.no"]
[SourceDate "2004.05.04"]

1. e4 e5 2. Nf3 Nc6 3. Bb5 Nf6 4. d3 d6 5. O-O Bd7 6. c3 Be7 7. Nbd2 O-O 8. Re1 Re8 9. Nf1 Bf8 10. Bg5 h6 11. Bh4 Be7 12. Ne3 Ng4 13. Bxe7 Nxe7 14. Nxg4 Bxb5 15. Nh4 Bd7 16. Re3 Kh7 17. Rg3 Ng8 18. Nf3 Bxg4 19. Rxg4 Nf6 20. Rh4 Kg8 21. Rh3 d5 22. Qe2 Qd7 23. Nh4 dxe4 24. dxe4 Rad8 25. Nf5 Qd2 26. Qf3 Re6 27. Rg3 g6 28. Rf1 Qf4 29. Rd1 Ree8 30. Ne7+ Kg7 31. Nd5 Qxf3 32. Rxf3 c6 33. Ne3 Rxd1+ 34. Nxd1 Rd8 35. Ne3 Nxe4 36. h3 Ng5 37. Rg3 f5 38. Nxf5+ gxf5 39. h4 Kg6 40. hxg5 hxg5 41. Rh3 f4 42. g3 Kf5 43. f3 Rd1+ 0-1

[Event "Vancouver"]
[Site "?"]
[Date "1975.??.??"]
[Round "?"]
[White "Browne, Walter S"]
[Black "Keres, Paul"]
[Result "0-1"]
[WhiteElo "2550"]
[BlackElo "2565"]
[PlyCount "29"]
[EventDate "1975.??.??"]
[Source "www.chesslib.no"]
[SourceDate "2004.05.04"]

1. e4 e5 2. Nf3 Nc6 3. Bb5 Nf6 4. d3 d6 5. c3 Be7 6. Nbd2 O-O 7. O-O Bd7 8. Re1 Re8 9. Nf1 Bf8 10. Bg5 h6 11. Bh4 Be7 12. Ne3 Ng4 13. Bxe7 Nxe7 14. Nxg4 Bxb5 15. Nh4 0-1

[Event "Camp. olandese"]
[Site "Hilversum OLA"]
[Date "2008.04.05"]
[Round "4"]
[White "Tiviakov, S."]
[Black "Visser, Y."]
[Result "1/2-1/2"]
[WhiteElo "2634"]
[BlackElo "2477"]
[PlyCount "112"]
[EventDate "2008.04.02"]
[Source "www.chesslib.no"]
[SourceDate "2004.05.04"]

1. e4 e5 2. Nf3 Nc6 3. Bb5 Nf6 4. d3 d6 5. O-O g6 6. Re1 Bg7 7. c3 O-O 8. Bg5 Bd7 9. Nbd2 h6 10. Bh4 Qe8 11. Nf1 Nh5 12. Ne3 Nf4 13. Bg3 Ne6 14. Bc4 Kh8 15. Bxe6 Bxe6 16. d4 Bd7 17. dxe5 dxe5 18. Nd5 Rc8 19. b4 f6 20. Nd2 Qf7 21. Nb3 b6 22. c4 Be6 23. Qd2 Ne7 24. b5 c6 25. bxc6 Nxc6 26. Rad1 Nd8 27. Qd3 Nb7 28. f4 exf4 29. Bxf4 g5 30. Be3 f5 31. Bd4 f4 32. Bxg7+ Qxg7 33. e5 Rfd8 34. Qe4 Qh7 35. Qe2 Qf7 36. a4 Nc5 37. Nxc5 Rxc5 38. Nf6 Rdc8 39. Ne4 Rxe5 40. Nd6 Rxe2 41. Nxf7+ Bxf7 42. Rxe2 Bh5 43. Ree1 Bxd1 44. Rxd1 Rxc4 45. Rd8+ Kg7 46. Rd7+ Kg6 47. Rxa7 Kh5 48. a5 bxa5 49. Rxa5 Kh4 50. Ra3 Kg4 51. h3+ Kh4 52. Kh2 Rc2 53. Rb3 Re2 54. Ra3 h5 55. Rf3 Re4 56. Rf2 Re3 1/2-1/2

[Event "GM"]
[Site "Biel-GM"]
[Date "1987.??.??"]
[Round "?"]
[White "Lobron, Eric"]
[Black "Hort, Vlastimil"]
[Result "1-0"]
[WhiteElo "2540"]
[BlackElo "2570"]
[PlyCount "76"]
[EventDate "1987.??.??"]
[Source "www.chesslib.no"]
[SourceDate "2004.05.04"]

1. e4 e5 2. Nf3 Nc6 3. Bb5 Nf6 4. O-O Be7 5. Re1 d6 6. Bxc6+ bxc6 7. d4 exd4 8. Nxd4 Bd7 9. Qf3 O-O 10. Nc3 Re8 11. h3 c5 12. Nf5 Bxf5 13. Qxf5 Nd7 14. Nd5 Bf6 15. Rb1 Re6 16. Bd2 c6 17. Nxf6+ Qxf6 18. Qxf6 Nxf6 19. f3 Kf8 20. Re3 d5 21. exd5 cxd5 22. Kf2 Ke7 23. Rb3 Nd7 24. Rd1 Kd6 25. Ra3 Nb6 26. b3 Kc6 27. Ra5 h6 28. h4 h5 29. a3 g6 30. b4 cxb4 31. axb4 Kb7 32. Bf4 Rc8 33. Rc5 Rec6 34. Be3 R8c7 35. g4 Na4 36. Rxc6 Kxc6 37. Kg3 Nc3 38. Re1 Kb5 1-0

[Event "Ano Liosia op"]
[Site "Ano Liosia"]
[Date "2001.01.02"]
[Round "6"]
[White "Belov, Vladimir"]
[Black "Shipov, Sergei"]
[Result "1-0"]
[WhiteElo "2470"]
[BlackElo "2640"]
[PlyCount "122"]
[EventDate "2000.12.27"]
[Source "ChessBase"]
[SourceDate "2001.01.11"]

1. e4 e5 2. Nf3 Nc6 3. Bb5 Nf6 4. d3 d6 5. c3 g6 6. O-O Bg7 7. Re1 O-O 8. a4 h6 9. Na3 a6 10. Bc4 d5 11. exd5 Nxd5 12. Ba2 b6 13. Nc2 Bb7 14. d4 exd4 15. Ncxd4 Nxd4 16. Nxd4 Qd7 17. Nf3 Rad8 18. Qc2 Qc6 19. Bb3 Rfe8 20. Bd2 Qf6 21. Rxe8+ Rxe8 22. Re1 Rxe1+ 23. Nxe1 c5 24. Qe4 Qc6 25. Nf3 Kh7 26. h4 f5 27. Qe2 Bf6 28. h5 g5 29. Bxd5 Qxd5 30. Qe8 Bg7 31. Qg6+ Kh8 32. Bxg5 hxg5 33. h6 Bf8 34. Qf6+ Kg8 35. Qg6+ Kh8 36. Qf6+ Kg8 37. h7+ Kxh7 38. Qxf8 Qd1+ 39. Kh2 Bxf3 40. Qxf5+ Kh6 41. Qf6+ Kh7 42. Qxf3 Qd2 43. b3 Qd6+ 44. g3 Kh6 45. Kg2 Qe6 46. c4 g4 47. Qd3 Qf6 48. Qe4 Kg5 49. Qd5+ Kg6 50. Qe4+ Kg5 51. Qe3+ Kg6 52. Qe2 Kg5 53. Qe4 a5 54. Qe3+ Kg6 55. Qe2 Kg5 56. Qe4 Qf8 57. Qd5+ Kg6 58. Qe6+ Kg5 59. Qe5+ Kg6 60. Qf4 Qe8 61. Qd6+ Kg5 1-0

[Event "Jugoslavija 85/311"]
[Site "?"]
[Date "2002.??.??"]
[Round "?"]
[White "Hracek, Z."]
[Black "Abramovic, B."]
[Result "0-1"]
[WhiteElo "2600"]
[BlackElo "2493"]
[PlyCount "84"]
[EventDate "2002.??.??"]
[Source "Chess Informant"]
[SourceDate "2002.06.01"]

1. e4 e5 2. Nf3 Nc6 3. Bb5 Nf6 4. O-O Be7 5. Re1 d6 6. d4 exd4 7. Nxd4 Bd7 8. Nc3 O-O 9. Bf1 Re8 10. b3 Bf8 11. Bb2 g6 12. f3 Bg7 13. Nde2 a6 14. Qd2 b5 15. Rad1 b4 16. Na4 Qb8 17. Nd4 Ne5 18. c4 Qb7 19. Kh1 Rad8 20. Nc2 a5 21. Nd4 h5 22. Qf2 Bxa4 23. bxa4 Nfd7 24. Nb3 Qc6 25. c5 Qxa4 26. cxd6 cxd6 27. Ba1 Nc5 28. Qb2 Bf6 29. f4 Ng4 30. e5 Bg7 31. h3 Nh6 32. Rd5 Nf5 33. Bc4 Qc6 34. Qd2 Ne4 35. Rxe4 Ng3+ 36. Kh2 Nxe4 37. Qd3 Nf2 38. Qe2 dxe5 39. Nxa5 Qc7 40. Rxd8 Rxd8 41. Qxf2 Qxa5 42. f5 Qc7 0-1

[Event "Ch"]
[Site "Ch Hungary"]
[Date "1995.??.??"]
[Round "8"]
[White "Almasi, Zoltan"]
[Black "Horvath, Csaba"]
[Result "1-0"]
[WhiteElo "2590"]
[BlackElo "2500"]
[PlyCount "79"]
[EventDate "1995.??.??"]
[Source "www.chesslib.no"]
[SourceDate "2004.05.04"]

1. e4 e5 2. Nf3 Nc6 3. Bb5 Nf6 4. O-O Be7 5. Re1 d6 6. d4 exd4 7. Nxd4 Bd7 8. Bxc6 bxc6 9. Nc3 O-O 10. Qf3 Re8 11. Bg5 h6 12. Bh4 Rb8 13. b3 Rb4 14. Rad1 Nh7 15. Bxe7 Qxe7 16. a3 Rb6 17. Re3 Ra6 18. a4 Rb6 19. Qe2 Nf6 20. h3 Rb4 21. Qa6 Rb6 22. Qxa7 Qd8 23. e5 dxe5 24. a5 exd4 25. Rxe8+ Qxe8 26. axb6 cxb6 27. Na4 Qe2 28. Qb8+ Kh7 29. Rxd4 Qe1+ 30. Kh2 Be6 31. Qe5 Ng8 32. Rd3 h5 33. Rd6 Bg4 34. Rd3 b5 35. Rd6 Be6 36. Rd8 Bxh3 37. Qa1 Qe7 38. Nb2 Qb4 39. Qh1 Qc3 40. Nd3 1-0

[Event "Open"]
[Site "Geneve"]
[Date "2004.01.25"]
[Round "2"]
[White "Alekseev, Evgeny"]
[Black "Cherniaev, Alexander"]
[Result "1/2-1/2"]
[WhiteElo "2613"]
[BlackElo "2476"]
[PlyCount "60"]
[EventDate "2004.??.??"]
[Source "Roberto Alvarez"]
[SourceDate "2004.02.23"]

1. e4 e5 2. Nf3 Nc6 3. Bb5 Nf6 4. d3 d6 5. O-O g6 6. Bg5 Bg7 7. c3 h6 8. Bh4 O-O 9. Nbd2 g5 10. Bg3 Nh5 11. Nc4 f5 12. exf5 Bxf5 13. Ne3 Bg6 14. d4 e4 15. Nd2 Nf4 16. f3 exf3 17. Nxf3 Ne7 18. Qd2 c6 19. Ba4 Qd7 20. Rab1 d5 21. Nd1 Be4 22. Bc2 Bxc2 23. Qxc2 Nfg6 24. Nf2 Nf5 25. Ne5 Nxe5 26. Bxe5 Nh4 27. h3 Rf5 28. Ng4 Raf8 29. Rxf5 Qxf5 30. Qe2 Ng6 1/2-1/2

[Event "otb"]
[Site "otb"]
[Date "2007.03.03"]
[Round "6"]
[White "Libiszewski Fabien"]
[Black "Istratescu Andrei"]
[Result "1/2-1/2"]
[WhiteElo "2469"]
[BlackElo "2619"]
[PlyCount "72"]
[Source "www.chesslib.no"]
[SourceDate "2004.05.04"]

1. e4 e5 2. Nf3 Nc6 3. Bb5 Nf6 4. d3 d6 5. O-O Bd7 6. Re1 Be7 7. c3 O-O 8. Nbd2 Re8 9. a4 Bf8 10. a5 a6 11. Bc4 Be6 12. Bxe6 fxe6 13. Nc4 h6 14. b4 Qd7 15. Qb3 Ne7 16. d4 exd4 17. Nxd4 Ng6 18. e5 Nd5 19. Bd2 Qf7 20. exd6 cxd6 21. Nxe6 Nh4 22. Nd4 Rac8 23. Rxe8 Rxe8 24. Ne3 Nxe3 25. Qxf7+ Kxf7 26. Bxe3 Rc8 27. Rc1 Ng6 28. f4 Ne7 29. f5 Nd5 30. Bd2 Be7 31. c4 Bg5 32. Bxg5 hxg5 33. Ne6 Kf6 34. Nc5 dxc5 35. cxd5 c4 36. d6 Ke5 1/2-1/2

[Event "XXXIII Open"]
[Site "Sevilla ESP"]
[Date "2008.01.08"]
[Round "5"]
[White "Lopez Martinez, Josep"]
[Black "Campora, D."]
[Result "1-0"]
[WhiteElo "2550"]
[BlackElo "2535"]
[PlyCount "111"]
[EventDate "2008.01.05"]
[Source "www.chesslib.no"]
[SourceDate "2004.05.04"]

1. e4 e5 2. Nf3 Nc6 3. Bb5 Nf6 4. O-O d6 5. Re1 Bd7 6. c3 Be7 7. d4 O-O 8. d5 Nb8 9. Bf1 a5 10. c4 Na6 11. Nc3 Ne8 12. a3 g6 13. Rb1 f5 14. exf5 Bxf5 15. Ra1 Nc5 16. Be3 Ne4 17. Nxe4 Bxe4 18. Nd2 Bf5 19. c5 dxc5 20. Qb3 a4 21. Qxb7 Nd6 22. Qc6 Ra5 23. Nc4 Bd7 24. Nxa5 Bxc6 25. Nxc6 Qd7 26. Nxe7+ Qxe7 27. Bxc5 Qf6 28. Rac1 Rf7 29. Rc2 h5 30. g3 Kh7 31. Rce2 e4 32. Bg2 Re7 33. h4 Re8 34. Bxd6 cxd6 35. Rxe4 Rxe4 36. Rxe4 Qxb2 37. Rxa4 Qc1+ 38. Kh2 Qb2 39. Ra7+ Kg8 40. f4 Kf8 41. a4 Qb6 42. Rd7 Qa6 43. a5 Ke8 44. Rg7 Qxa5 45. Rxg6 Qa3 46. Rh6 Kf7 47. Rxh5 Kf6 48. Rg5 Qd3 49. h5 Qh7 50. Rg6+ Kf5 51. Bf3 Qc7 52. Kh3 Qc1 53. Rg5+ Kf6 54. Kg4 Kf7 55. Rg6 Qc5 56. Re6 1-0

[Event "It (Open) Schwarzach AUT"]
[Site "?"]
[Date "2005.08.??"]
[Round "8"]
[White "Luther Thomas"]
[Black "Bellini Fabio"]
[Result "1-0"]
[WhiteElo "2569"]
[BlackElo "2511"]
[PlyCount "81"]
[EventDate "2005.??.??"]
[Source "www.chesslib.no"]
[SourceDate "2004.05.04"]

1. e4 e5 2. Nf3 Nc6 3. Bb5 Nf6 4. d3 d6 5. O-O Bd7 6. c3 g6 7. d4 Bg7 8. d5 Nb8 9. Bxd7+ Nbxd7 10. Re1 O-O 11. c4 a5 12. Nc3 h6 13. Rb1 Nc5 14. b3 Nfd7 15. a3 f5 16. exf5 gxf5 17. b4 axb4 18. axb4 e4 19. bxc5 exf3 20. Qxf3 Nxc5 21. Bb2 Qg5 22. Nb5 Ra2 23. Bxg7 Qxg7 24. Re2 Rxe2 25. Qxe2 f4 26. f3 Qg6 27. Re1 c6 28. dxc6 bxc6 29. Nd4 Nd3 30. Nxc6 Kh7 31. Qc2 Rg8 32. Re2 Ne5 33. Nxe5 Qxc2 34. Rxc2 dxe5 35. c5 Kg7 36. c6 Kf6 37. c7 Rc8 38. Rc6+ Ke7 39. Rxh6 Kd7 40. Rh7+ Kc6 41. h4 1-0

[Event "Extraliga 2004"]
[Site "Dzwirzyno"]
[Date "2004.??.??"]
[Round "?"]
[White "Rozentalis, Eduardas"]
[Black "Koziak, Vitali"]
[Result "1/2-1/2"]
[WhiteElo "2619"]
[BlackElo "2457"]
[PlyCount "51"]
[EventDate "2004.09.04"]
[Source "Roberto Alvarez"]
[SourceDate "2004.10.05"]

1. e4 e5 2. Nf3 Nc6 3. Bb5 Nf6 4. d3 d6 5. O-O g6 6. d4 Bd7 7. Re1 Nxd4 8. Nxd4 exd4 9. Bxd7+ Qxd7 10. Qxd4 Bg7 11. e5 Qe6 12. Nc3 O-O 13. Bh6 dxe5 14. Rxe5 Qb6 15. Qxb6 axb6 16. Bxg7 Kxg7 17. Re7 Rac8 18. Rd1 Rfd8 19. Rxd8 Rxd8 20. Rxc7 Rd2 21. f3 Rxc2 22. Rxb7 Rxb2 23. a4 g5 24. g4 Rb3 25. Rc7 Nd7 26. Rxd7 1/2-1/2

[Event "7th Amplico AIG Life"]
[Site "Warsaw POL"]
[Date "2007.12.16"]
[Round "10"]
[White "Macieja, B."]
[Black "Grabarczyk, M."]
[Result "1-0"]
[WhiteElo "2606"]
[BlackElo "2464"]
[PlyCount "121"]
[EventDate "2007.12.15"]
[Source "www.chesslib.no"]
[SourceDate "2004.05.04"]

1. e4 e5 2. Nf3 Nc6 3. Bb5 Nf6 4. d3 d6 5. O-O g6 6. d4 Bd7 7. Bxc6 Bxc6 8. dxe5 dxe5 9. Nxe5 Qxd1 10. Rxd1 Bxe4 11. Bg5 Nh5 12. Re1 f6 13. Rxe4 fxe5 14. Rxe5+ Kf7 15. Nc3 Bd6 16. Re2 Rhe8 17. Rae1 Rxe2 18. Rxe2 a6 19. g3 Ng7 20. Ne4 Ne6 21. Nxd6+ cxd6 22. Be3 Rc8 23. Rd2 Ke7 24. c3 b5 25. Kf1 Rc4 26. Ke2 b4 27. cxb4 Rxb4 28. b3 Rb5 29. Kd3 d5 30. Rc2 Kd7 31. g4 h5 32. gxh5 gxh5 33. f4 Ng7 34. Bd4 Nf5 35. Be5 a5 36. Rc7+ Ke6 37. Rc6+ Ke7 38. Ra6 h4 39. Bc3 Rb8 40. Rxa5 Ke6 41. Ra6+ Ke7 42. Ra7+ Ke6 43. Ra6+ Ke7 44. Rf6 Ng7 45. Be5 Rc8 46. a4 Rc1 47. a5 Rd1+ 48. Kc3 Ne6 49. f5 Nc5 50. Rh6 Rc1+ 51. Kd4 Nxb3+ 52. Kxd5 Rc5+ 53. Ke4 Rxa5 54. Rh7+ Kf8 55. Bc3 Ra4+ 56. Kd5 Rg4 57. f6 Rg5+ 58. Kd6 Kg8 59. f7+ Kf8 60. Bb4 Rg4 61. Ke6+ 1-0